[Event "Olympiad-29"]
[Site "Novi Sad"]
[Date "1990.11.24"]
[Round "7"]
[White "Mokry, Karel"]
[Black "Damljanovic, Branko"]
[Result "1-0"]
[WhiteElo "2490"]
[BlackElo "2515"]
[Annotator "Mokry,K"]
[PlyCount "103"]
[EventDate "1990.11.17"]
[EventType "team-swiss"]
[EventRounds "14"]
[EventCountry "YUG"]
[SourceTitle "TD"]
[Source "ChessBase"]
[SourceDate "1994.03.01"]
[SourceVersion "1"]
[SourceVersionDate "1994.03.01"]
[SourceQuality "1"]
[WhiteTeam "Czechoslovakia"]
[BlackTeam "Yugoslavia"]
[WhiteTeamCountry "CSR"]
[BlackTeamCountry "YUG"]

1. e4 c5 2. Nf3 Nc6 3. d4 cxd4 4. Nxd4 Nf6 5. Nc3 d6 6. Bg5 e6 7. Qd2 a6 8.
O-O-O Bd7 9. f4 b5 10. Bxf6 gxf6 11. Kb1 Qb6 12. Nce2 Na5 13. b3 Rb8 14. c3 {
N} (14. Ng3) 14... h5 $1 15. g3 Qb7 (15... Nb7 $5 {P c5, a5,b4}) 16. Bg2 e5 (
16... f5 17. Qd3 fxe4 (17... e5 $2 18. fxe5 dxe5 19. Nxf5 $18) 18. Bxe4 d5 19.
Bf3 b4 $13) 17. Nc2 Nc4 $13 (17... Bc6 18. Qe3 {P b4} f5 $2 (18... Nc4 $4 19.
bxc4 $18) 19. fxe5 dxe5 20. exf5 $18) 18. Qd3 {P b4;} (18. Qc1 Nb6 $13) 18...
a5 19. Nc1 h4 20. Qe2 Rg8 (20... hxg3 $5 21. hxg3 Rg8) 21. gxh4 $1 Qc6 $5 (
21... exf4 {P e5}) 22. Bf3 (22. bxc4 $2 bxc4+ 23. Ka1 Qb7 24. Na3 d5 $19) 22...
Nb6 23. Rd3 Bh6 24. fxe5 dxe5 25. Rhd1 Be6 26. Ne3 $2 (26. Qf2 $13) 26... Bxe3
$2 (26... Nc4 $1 27. Nxc4 bxc4 28. Rd6 Qc5) 27. Qxe3 Nc4 28. Qa7 Ra8 29. Qf2
$16 Na3+ 30. Kb2 b4 31. Qd2 Qb6 (31... Nb5 32. cxb4 (32. Rd8+ $4 Ke7 {P bc3})
32... Nd4 (32... axb4 $2 33. Rd8+ Ke7 34. Qxb4+ $18) 33. bxa5 {P e2; P d4!})
32. c4 $2 (32. Rd6 Qc7 (32... Nc4+ 33. bxc4 bxc3+ 34. Kxc3 Qb4+ 35. Kc2 Qxc4+
36. Qc3 Qa4+ 37. Kb1 $18 (37. Kd2 $18)) 33. c4 $16 Bxc4 $2 34. Rd7 Qb6 35. Bh5
Be6 (35... Rf8 36. Re7+ $1 Kxe7 37. Qd7#) 36. Rxf7 $1 $18) 32... Kf8 $2 (32...
Bxc4 $1 33. Rd6 Qb8 $1 (33... Qc7 34. Rd7 Qb6 35. Bh5 {P f7!}) 34. Qh6 (34. Rc6
$142 $5 Be6 $2 (34... Qb7 $143 35. Qd6 $18) (34... Bb5 $1 $13) 35. Rxe6+ fxe6
36. Bh5+ $18) 34... Qc7 35. Qxf6 Bb5 36. Re6+ (36. Qxe5+ Kf8 37. Rd8+ Qxd8 38.
Rxd8+ Rxd8 $44) 36... Kf8 37. Qh6+ Rg7 38. Qh8+ Rg8 39. Qh6+ $10) 33. Rd6 Qc7
34. Rd8+ Rxd8 $2 (34... Ke7 $16) 35. Qxd8+ $18 Qxd8 36. Rxd8+ Kg7 37. Rxg8+
Kxg8 38. Nd3 Kg7 {[#]} 39. Nc5 $2 (39. h3 $3 {P g4} Bxh3 40. Nf2 Be6 41. Bg4
Kg6 (41... Bxg4 42. Nxg4 Kg6 43. Ne3 {P f5-d6}) 42. Bxe6 fxe6 43. Ng4 f5 (43...
Kh5 44. Nxf6+ Kxh4 45. Ne8 Kg5 46. Nd6 Kf4 (46... Kf6 47. Nb5 Nxb5 48. cxb5 Ke7
49. a4 $18) 47. c5 $18) (43... Kg7 44. Ne3 Kg6 45. Nc2 f5 46. Nxa3 bxa3+ 47.
Kc2 $18) 44. Nxe5+ Kh5 (44... Kf6 45. Nd7+ Ke7 46. Nc5 $18) 45. exf5 exf5 46.
Nf3 f4 47. Nd4 $1 Kxh4 (47... Kg4 48. c5 f3 (48... Nb5 49. Nxb5 f3 50. Nd6 f2
51. Nc4 $18) 49. Nxf3 Kxf3 50. c6 $18) 48. c5 Kg3 (48... Nb5 49. Nxb5 f3 50.
Nd4 f2 51. Nf3+ $18) 49. c6 f3 50. Nxf3 Nb5 51. Nd4 Nc7 52. a4 {P b5} bxa3+ 53.
Kxa3 Kf4 54. Ka4 Ke5 55. Nb5 $18) 39... Bc8 40. h3 f5 (40... Bxh3 41. Nb7 a4
42. Nd6 $1 {P e2, c5} (42. Nc5 $6 axb3 43. axb3 Bf1 {P c4, c4})) 41. exf5 Bxf5
{P c2} 42. Be4 Bxe4 $2 (42... Bxh3 $142 $16) 43. Nxe4 f5 44. Nd6 $1 $18 f4 45.
Kc1 {P c5} f3 46. Kd2 Nb1+ 47. Ke3 Nc3 48. Kxf3 a4 49. c5 Nxa2 50. c6 axb3 51.
Nc4 e4+ 52. Kg2 $1 1-0

[Event "Asia-ch 5th"]
[Site "Hyderabad"]
[Date "2005.10.14"]
[Round "8"]
[White "Sandipan, Chanda"]
[Black "Sareen, Vishal"]
[Result "1/2-1/2"]
[WhiteElo "2560"]
[BlackElo "2375"]
[Annotator "Mueller,Karsten"]
[PlyCount "132"]
[EventDate "2005.10.05"]
[EventType "swiss"]
[EventRounds "9"]
[EventCountry "IND"]
[SourceTitle "CBM 110"]
[Source "ChessBase"]
[SourceDate "2006.01.31"]
[SourceVersion "1"]
[SourceVersionDate "2006.01.31"]
[SourceQuality "1"]

1. e4 c5 2. Nf3 d6 3. d4 cxd4 4. Nxd4 Nf6 5. Nc3 Nc6 6. Bg5 e6 7. Qd2 a6 8.
O-O-O Bd7 9. f3 Be7 10. Kb1 h6 11. Be3 h5 12. Bg5 Qc7 13. f4 Nxd4 14. Qxd4 Qc5
15. Bxf6 Bxf6 16. Qxd6 Qxd6 17. Rxd6 Bxc3 18. bxc3 Bc6 19. Rd4 h4 20. Be2 Ke7
21. Rhd1 Rac8 22. Kb2 Rc7 23. Bf3 Rhc8 24. Rc4 Bb5 25. Rxc7+ Rxc7 26. e5 Bc6
27. Bxc6 Rxc6 28. Rd4 Rc5 29. Kb3 g5 30. g3 hxg3 31. hxg3 gxf4 32. gxf4 f6 33.
Rc4 Rd5 34. Rc7+ Kd8 35. Rxb7 fxe5 36. c4 Ra5 37. fxe5 Rxe5 38. c3 Kc8 39. Rb6
a5 40. Rb5 Rf5 41. a4 Kc7 42. c5 e5 43. Rxa5 e4 44. Ra7+ Kc6 45. Ra6+ Kc7 46.
Re6 Rxc5 47. Rxe4 Rh5 48. Kb4 Kb7 49. Re7+ Kb6 50. a5+ Ka6 $1 {[%mdl 4352] Es
folgt eine mustergültige Verteidigung. Studieren Sie das schwarze Spiel genau!}
(50... Kc6 $2 51. a6 Rh4+ 52. Kb3 (52. c4 $2 Rh1 53. a7 Ra1 $11) 52... Rh5 53.
a7 Ra5 54. Kb4 Ra1 55. Rf7 Rb1+ 56. Kc4 Ra1 57. Kd4 Ra5 58. c4 Kb6 59. Rg7 Ra1
60. Re7 Ra5 61. Rf7 Ra1 62. Ke5 Re1+ 63. Kf6 Re8 64. Kf5 Rh8 65. Rh7 Rg8 66.
Re7 Kc6 67. Kf4 Kc5 68. Ke5 Rh8 69. Rc7+ Kb6 70. Rh7 Rd8 71. Rd7 Rc8 72. Kd6
Rc6+ 73. Ke7 Rc8 74. Rd8 Rc7+ 75. Kd6 Rxa7 76. c5+ Kb5 77. Rb8+ Kc4 78. c6 $18)
51. c4 Rh1 52. Kc5 Rh5+ 53. Kd6 Rxa5 54. c5 Ra1 55. c6 Rd1+ 56. Kc7 Rh1 57. Re2
Rh7+ 58. Kd6 Rh6+ 59. Re6 Rh7 60. Re7 Rh6+ 61. Kd7 Rh8 {Sareen nimmt die
Verteidigung auf der letzten Reihe ein} 62. Re1 Rh7+ 63. Re7 Rh8 64. Re6 Kb6
65. Re7 Rg8 66. Rh7 Rf8 1/2-1/2

[Event "Norway Chess 2nd"]
[Site "Stavanger"]
[Date "2014.06.08"]
[Round "5"]
[White "Giri, Anish"]
[Black "Topalov, Veselin"]
[Result "1-0"]
[WhiteElo "2752"]
[BlackElo "2772"]
[Annotator "Negi,P"]
[PlyCount "85"]
[EventDate "2014.06.03"]
[EventType "tourn"]
[EventRounds "9"]
[EventCountry "NOR"]
[EventCategory "21"]
[SourceTitle "CBM 161"]
[Source "ChessBase"]
[SourceDate "2014.07.16"]
[SourceVersion "1"]
[SourceVersionDate "2014.07.16"]
[SourceQuality "1"]

1. e4 c5 2. Nf3 d6 3. d4 cxd4 4. Nxd4 Nf6 5. Nc3 Nc6 6. Bg5 e6 7. Qd2 a6 8.
O-O-O Bd7 9. f4 b5 10. Bxf6 gxf6 11. Kb1 b4 $5 {Not as popular as the typical .
..Qb6 as it doesn't seem required at first, but it has an important use when
compared to ...Qb6.} (11... Qb6 {is typically met by} 12. Nxc6 Bxc6 13. Qe1 {
when Black has to make some unwanted commitment like ...Ra7, or ...Be7, in
order to deal with the threat of Nd5. Of course, it's still a very complicated
theoretical line, but with 11...b4, Black hopes to avoid this, while reasoning
that ...b4 should eventually turn out to be a useful move. The drawback is
that White's knight is quickly getting transferred, and perhaps he can create
new threats with f5 - Nd4/Nf4, or Ng3-Nh5.}) 12. Nce2 Qb6 13. Qe1 $6 {This
just seems to be a pointless automatic move here. Possibly, Anish was
surprised with ...b4, and decided to not take any immediate action...but
without that, Black manages to get an ideal position for these structures.} (
13. Nxc6 Bxc6 14. f5 {is definitely the critical line. This can be reached
after 11...Qb6 12.Nxc6 Bxc6 13.f5 b4 as well, although 13...b4 wasn't the only
move there.} e5 (14... Bxe4 {seems too risky.} 15. fxe6 fxe6 16. Qf4 d5 17.
Qxf6 Rg8 18. Nf4 Be7 19. Qh6 Bg5 20. Qh5+ Ke7 21. Bd3 $1 $16 {1-0 (43)
Naiditsch,A (2710)-Kozul,Z (2601) Bol 2013}) 15. Ng3 h5 $1 (15... Qc5 16. Nh5
Ke7 17. Bd3 Rg8 18. Rhg1 a5 (18... Rg5 19. Qe2 Bh6 20. h4 Rgg8 21. Rge1 $5 {xe3
} (21. g4 Be3 22. Rg3 Bf4 23. Nxf4 exf4 24. Rg2 a5 25. Rf1 a4 26. Qf2 a3 $13 {
Brkic,A-Nevednichy,V Zadar CRO 2005}) 21... a5 22. Bc4 a4 23. g4 a3 24. b3 $16
Rac8 25. Nxf6 Kxf6 26. g5+ Bxg5 27. Qh5 $18) 19. g4 a4 20. h4 (20. g5 fxg5 21.
f6+ Kd7 22. Qe2 Rc8 23. Rg3 a3 24. Ba6 Rc7 25. b3 Rg6 26. Bc4 Kc8 27. Rgd3 {
1/2-1/2 Czarnota,P -Miton,K /Warsaw POL 2005}) 20... a3 21. g5 {A} (21. Bc4 $5
Bxe4 $13) 21... fxg5 22. hxg5 Qd4 (22... axb2 $2 23. Bc4 $16) 23. Qc1 $1 (23.
c3 bxc3 24. bxc3 Qb6+ $1 25. Ka1 Bh6 $1 26. Rb1 Qc5 27. Rbc1 Rab8 $17) 23...
axb2 24. Qxb2 Qc5 (24... Qxb2+ 25. Kxb2 $14 {means suffering for Black.}) 25.
Nf6 Rxg5 26. Rxg5 Kxf6 27. Rg8 h6 28. Qc1 d5 29. Rh8 Ke7 30. Qd2 d4 31. Rh7 $18
{1-0 (38) Evtushenko,S-Hamilton,D (2023) ICCF 2010}) 16. h4 {A typical
situation.} Bh6 $1 (16... Rd8 $2 17. Bc4 a5 18. Qe2 Qc5 19. b3 Ke7 20. Nxh5 $16
{Tiviakov,S-Galliamova,A/Elista 1998}) 17. Qe2 ({Accepting the pawn sacrifice
is the most common:} 17. Qxd6 Rd8 18. Qxd8+ Qxd8 19. Rxd8+ Kxd8 {but it's hard
to say if White is better in this endgame despite being even two pawns up
temporarily. The two bishops in this line are always excellent in an endgame:}
20. Nxh5 Ke7 21. Bd3 Be3 (21... a5 22. g4 Be3 23. Rh3 Bd4 {Dembo,Y-Atalik,S
Cannes FRA 2007} 24. Ng3 $16) 22. Rh3 Bf2 $5 $146 (22... Rxh5 23. Rxe3 Rxh4 24.
a3 a5 25. axb4 axb4 26. Ka2 Kd6 27. Kb3 Kc5 28. Rh3 Rg4 $11 {Bologan,
V-Kotronias,V/Warsaw POL 2005}) 23. g4 Rg8 24. Rh2 Be1 25. Rh1 Bf2 $11) 17...
Ke7 18. Nxh5 Qb7 (18... Rhd8 $5 {/\ d5 is worth considering as well.}) 19. Re1
b3 $5 20. axb3 a5 21. g4 a4 22. Rh3 a3 $13 {and we get rather insane
complications, as in Sferle,M (2530)-Yeremenko,A (2440) ICCF 2011.}) 13... Rc8
14. h4 {Not an ideal move, but I think White already realised that it's not
easy to go for the typical active plans, and decides to play more solidly. The
pawn doesn't seem to be doing much, but he wants to bring the kingside rook
into the game via h3.} (14. Nxc6 Bxc6 15. Nd4 Bb7 16. f5 e5 17. Nf3 Rg8 18. Qh4
Ke7 19. Rg1 h5 20. Bd3 Bh6 21. g3 a5 {and once again Black had a dream
position as White failed to generate even the slightest counterplay on the
kingside, Shirov - Kozul, Heraklio 2007.}) (14. f5 {is already not that nice
since after} e5 {White can't take Nxc6 due to ...Qxc6!}) 14... Na5 ({Of course
Black has various plans, but I don't see why he didn't just go for the usual} 
14... a5 15. Rh3 a4 {when Black seems to have a rather nice version. There is
no need to actually spend two moves to bring the knight to c4, where it's not
neccessarily better.}) 15. Nc1 {White sticks with his plan for solid play, but
he could have already tried to be more ambitious.} (15. Ng3 $1 {/\ Nh5. The
knight trip to c4 doesn't look as useful here.} Rg8 (15... h5 16. Be2 $16) (
15... Nc4 16. Nh5 Be7 17. g4 $16) 16. Nh5 Be7 17. g4 $5 $14 Rxg4 $140 18. Bh3
Rg8 19. Rg1 $16) 15... Nc4 16. Rh3 a5 {Now, Black's position looks really
commanding again. White really can't expect much unless he goes on the
offensive in this line.} 17. Bxc4 {It was hard having to put up with this
knight.} Rxc4 18. Rhd3 h5 19. g3 {The position seems to be in some kind of
dynamic balance. Black can't really break through in the centre, while it's
unimaginable to go 0-0 for now... while White's position looks really solid as
well. But now Topalov embarks on a regrouping mission, conducting the next
part of the game spectacularly!} (19. e5 {will probably open up the position
for the black bishops.} fxe5 20. fxe5 Bg7) 19... Be7 20. Qe2 Bc8 $1 {An
excellent idea. It's hard to see what White is going to do...} 21. R3d2 Ba6 22.
Qf3 {keeping 0-0 under check, but what next for White?} a4 23. Nce2 Bb7 24. Qd3
Rc5 25. c4 Kf8 $6 {Black decides to simply improve his position a bit more
before preparing a way to breakthrough.} ({Black could have already exploited
White's awkward pieces with} 25... Qa6 $1 26. Nb5 (26. b3 Qa8 $1 {is the point.
Incredibly, e4 can't be defended}) 26... Qc6 {and White has to go for} 27.
Nxd6+ Qxd6 28. Qxd6 Bxd6 29. Rxd6 Bxe4+ 30. Ka1 O-O {with a very pleasant
endgame for Black.}) 26. b3 Rg8 {Black doesn't want to commit ...Kg7 either,
since he is understandably worried about a swift counterattack... at the same
time then the whole plan with ...Kf8 doesn't have a point.} 27. bxa4 $1 {
White doesn't want to keep suffering and shuffle around, while Black takes his
time to increase the pressure.} Qa6 28. Nb5 Kg7 {Black needs the rook. It
makes me wonder if ...Rg8 was required at all...} 29. Ned4 Qxa4 30. f5 $2 {
As it turned out, this move worked very well for White... also considering the
fact that it was undoubtedly a time pressure situation, this makes sense, but
objectively it also loses.} (30. Re1 {just holding together his position and
perhaps preparing f5 was more appropriate.}) 30... Re5 $1 31. Re1 Kh8 $4 {
Alas! Topalov continues to play slowly, but he forgets that White has some
activity too now.} (31... d5 $1 {did not require much calculation, but Black
had to realise that it was already time to break.} 32. fxe6 dxc4 33. Qxc4 Rc8
34. Qd3 fxe6 $19) 32. Nf3 $1 {Suddenly the tables are turned...it's hard to
deal with such a sudden shock, and Topalov collapses.} exf5 ({Black might have
thought about} 32... Rxg3 {but this is just met by} 33. Nxd6 {and Black's
position is just collapsing.}) 33. Nxe5 fxe5 34. Nxd6 b3 {Already, there are
multiple ways to win, but probably in something of a time scramble, Anish goes
for the safest:} 35. Nxb7 bxa2+ 36. Ka1 Qb4 37. Qe3 f4 38. gxf4 Bxh4 39. Rh1
Qxb7 40. fxe5 Rg4 41. Qh6+ Kg8 42. Qxh5 Qxe4 43. Rd8+ 1-0

[Event "EU-ch 17th"]
[Site "Gjakova"]
[Date "2016.05.19"]
[Round "7"]
[White "Nisipeanu, Liviu Dieter"]
[Black "Kozul, Zdenko"]
[Result "1-0"]
[WhiteElo "2669"]
[BlackElo "2591"]
[Annotator "Nisipeanu,LD"]
[PlyCount "61"]
[EventDate "2016.05.12"]
[EventType "swiss"]
[EventRounds "11"]
[EventCountry "KOS"]
[SourceTitle "CBM 173"]
[Source "ChessBase"]
[SourceDate "2016.07.12"]
[SourceVersion "1"]
[SourceVersionDate "2016.07.12"]
[SourceQuality "1"]

1. e4 c5 2. Nf3 d6 3. d4 cxd4 4. Nxd4 Nf6 5. Nc3 Nc6 6. Bg5 e6 7. Qd2 a6 8.
O-O-O Bd7 {Zdenko Kozul is probably the leading expert in this line, he has
countless games in it and has developed a great feeling for these positions.
Since I was on a +2 score at that moment, I felt that I should play my white
games very aggressively, so this line suited me just fine.} 9. f3 ({In our
last meeting in this line Kozul scored a very beautiful victory after} 9. f4 b5
10. Bxf6 gxf6 11. Nxc6 Bxc6 12. Qe3 h5 $5 {This time, I decided to play an
even more complicated setup with 9.f3. Many positions there are quite similar
to the English Attack against the Najdorf/Scheveningen, an opening I used to
play a lot myself.}) 9... b5 10. Kb1 (10. Nxc6 {is the main line in this
position, but I find it boring to follow 'main theory' all the time. Besides,
Kb1 fits into White's plans anyway, so why not start with it?}) 10... Be7 11.
Be3 {Clearing the way for the g-pawn and trying to prove that the bishop on d7
is misplaced after the advance g4-g5. If I am not mistaken, this idea was
first introduced into practice by Vishwanathan Anand.} Rb8 {Typically in
Kozul's games, he aims for the transfer of the c6-knight to e5-c4, in which
case the rook on b8 would be well placed.} (11... b4 12. Nxc6 Bxc6 13. Ne2 d5
14. Nd4 Qc7 15. e5 Nd7 16. f4 O-O 17. g4 {is a good 'French' for White in my
oppinion.}) 12. g4 h6 13. Nxc6 {I thought that this was clever, because it
prevents the plan mentioned before and also after the weakening ...h6 Black
will find it hard to find a safe place for his king.} (13. h4 Ne5 14. Qg2 g6
15. g5 hxg5 16. hxg5 Rxh1 17. Qxh1 Nh5 18. f4 b4 $13 {was not clear to me.})
13... Bxc6 14. Ne2 Nd7 15. Nd4 Ba8 16. h4 Ne5 (16... Bxh4 17. Nxe6 (17. g5 hxg5
18. Bxg5 Qxg5 19. Qxg5 Bxg5 20. Rxh8+ Ke7 21. Rxb8 Nxb8 22. c4 $14 {is maybe a
better choice}) 17... fxe6 18. Qxd6 {looked crushing to me, but Black has} Ne5
$1 19. Rxh4 Qxd6 20. Rxd6 O-O 21. Be2 Nxf3 22. Rh3 Bxe4 $11) 17. b3 $5 ({
It was also possible to continue with} 17. Qg2 Nc4 18. Bc1 h5 $1 19. gxh5 Bf6
20. c3 $14 {but I felt that I did not need to allow the black knight to c4 at
all.}) 17... O-O $6 {A huge surprise for me and I reacted like a bullto a red
rag, spending a lot of time trying to find a forced win.} (17... Qc7 18. Bg2
O-O $14 {was an improved version of the game.}) 18. Rg1 $1 ({I did not want to
close the kingside with} 18. g5 h5 19. Bh3 g6 $13 {and even with the
optimistic evaluation of the engine, there is no way to convince me that my
choice was not better.}) 18... Bxh4 {Kind of forced, because White was ready
for the advance f4.} 19. g5 $1 ({I was not happy with} 19. f4 Bxe4 (19... Ng6
20. f5 e5 21. Ne2 Nf4 22. Nxf4 exf4 23. Bxf4 Bxe4 24. g5 Bxg5 25. Bxg5 hxg5 26.
Rxg5 Qf6 $14 {is a better defence for Black}) 20. fxe5 (20. Bg2 {I missed and
it gives White a large edge, for example} Nc4 21. bxc4 bxc4+ 22. Ka1 c3 23.
Qxc3 Bxg2 24. Rxg2 Bf6 25. Qd2 $16 {followed by c3}) 20... dxe5 21. Ne2 Rc8 $17
) 19... hxg5 20. Bxg5 Bxg5 21. Rxg5 Qf6 22. Bh3 ({I did not like} 22. f4 Nc4
23. bxc4 bxc4+ 24. Ka1 Bxe4 25. Bxc4 d5 {but after} 26. Bb3 Rfc8 27. c3 $16 {
White is just much better.}) 22... Rfe8 23. Rdg1 Ng6 (23... g6 24. Qe3 $1 Nc6
25. Nxc6 Bxc6 26. f4 {followed by f5, would also be unpleasant for Black.}) 24.
Bf5 $1 {The whole point of 22.Bh3, of course.} ({There was a dual solution with
} 24. Bxe6 $1 Rxe6 25. Rf5 $1 Qe7 26. Rh5 $3 {which wins according to the
computer, for example:} Qa7 $1 (26... Re5 27. Nf5 Rxf5 28. exf5 Bxf3 29. Rh3
Be4 30. fxg6 fxg6 31. Qh2 Rf8 32. Rh8+ Kf7 33. Qf4+ Bf5 34. Rxf8+ Qxf8 35. Rd1
$18) 27. Rgh1 Rxe4 28. fxe4 Bxe4 29. R1h3 $18) 24... exf5 25. exf5 Ne7 (25...
Ne5 26. Rxg7+ Kf8 27. Rh7 Ke7 28. f4 Nc4 29. bxc4 bxc4+ 30. Kc1 $18) 26. Rxg7+
Kf8 27. Qh2 ({Unfortunately, I missed that after} 27. Ne6+ $1 fxe6 28. fxe6
Qxe6 29. Qh2 Bd5 {I have the spectacular} 30. Rf7+ $3 {with a mate in 3!})
27... Nd5 ({I had seen that after} 27... Qxg7 28. Rxg7 Kxg7 29. Qg3+ Kf8 30. f6
Red8 31. Ne6+ $1 Ke8 32. Nxd8 Rxd8 33. fxe7 Kxe7 34. Qf2 {White should win
without problems.}) 28. Rxf7+ $1 {Still a nice move to make, especially since
I had seen it way back.} Qxf7 29. Qxd6+ Re7 30. Qxb8+ Qe8 31. Qd6 {My best
game in the 2016 European Championship!} 1-0